Environmentální změny v krajině jako důsledek těžby nerostných surovin : sborník vědeckých příspěvků z mezinárodní konference : 25.-26.2.2015, Jablunkov /

Corporate Author: Vysoká škola báňská - Technická univerzita Ostrava. Institut environmentálního inženýrství
Other Authors: Environmentální změny v krajině jako důsledek těžby nerostných surovin (konference), Klimko, Tomáš, Szotkowská Lacková, Eva, 1984-, Andráš, Peter, 1953-
Language: Slovak
Czech
English
Published: Ostrava : Vysoká škola báňská - Technická univerzita, 2015
Edition: 1. vyd.
Subjects:
Physical Description: 101 s. : il. (některé barev.), mapy ; 30 cm
Language note: Část. anglický a slovenský text, anglická resumé
Book
Saved in:
LEADER 02939nam a2200613 a 4500
001 nkc20152659578
003 CZ PrNK
005 20150423151546.0
007 ta
008 150120s2015 xr ab f 100 0 cze
015 |a cnb002659578 
020 |a 978-80-248-3673-7  |q (brož.) :  |c neprodejné 
035 |a (OCoLC)907524668 
040 |a ABA001  |b cze 
041 0 |a cze  |a eng  |a slo  |b eng 
072 7 |a 622  |x Hornictví  |2 Konspekt  |9 19 
080 |a 622  |2 MRF 
080 |a 502  |2 MRF 
080 |a 622.3  |2 MRF 
080 |a 622.228  |2 MRF 
080 |a 504.1  |2 MRF 
080 |a 502.174  |2 MRF 
080 |a (062.534)  |2 MRF 
111 2 |a Environmentální změny v krajině jako důsledek těžby nerostných surovin (konference)  |d (2015 :  |c Jablunkov, Česko)  |7 ko2015863261 
245 1 0 |a Environmentální změny v krajině jako důsledek těžby nerostných surovin :  |b sborník vědeckých příspěvků z mezinárodní konference : 25.-26.2.2015, Jablunkov /  |c editoři Tomáš Klimko, Eva Lacková, Peter Andráš = Environmental Changes in Landscape as Consequence of Mining : proceedings of the scientific contributions from the international conference : 25.-26.2.2015, Jablunkov / editors Tomáš Klimko, Eva Lacková, Peter Andráš 
246 3 1 |a Environmental Changes in Landscape as Consequence of Mining 
250 |a 1. vyd. 
260 |a Ostrava :  |b Vysoká škola báňská - Technická univerzita,  |c 2015 
300 |a 101 s. :  |b il. (některé barev.), mapy ;  |c 30 cm 
500 |a Nad názvem: Vysoká škola báňská - Technická univerzita Ostrava, Hornicko-geologická fakulta, Institut environmentálního inženýrství ... et al. 
500 |a 70 výt. 
504 |a Obsahuje bibliografie a bibliografické odkazy 
546 |a Část. anglický a slovenský text, anglická resumé 
650 0 7 |a hornictví  |7 ph114693  |x environmentální aspekty  |2 czenas 
650 0 7 |a těžba nerostných surovin  |7 ph126840  |2 czenas 
650 0 7 |a uzavřené doly  |7 ph116545  |2 czenas 
650 0 7 |a ekologické zátěže  |7 ph202699  |2 czenas 
650 0 7 |a rekultivace  |7 ph125100  |2 czenas 
650 0 9 |a mining  |x environmental aspects  |2 eczenas 
650 0 9 |a mineral mining  |2 eczenas 
650 0 9 |a closed mines  |2 eczenas 
650 0 9 |a environmental stresses  |2 eczenas 
650 0 9 |a soil remediation  |2 eczenas 
655 7 |a sborníky konferencí  |7 fd133333  |2 czenas 
655 9 |a proceedings of conferences  |2 eczenas 
700 1 |a Klimko, Tomáš  |7 jo2015863516  |4 edt 
700 1 |a Szotkowská Lacková, Eva,  |d 1984-  |7 jo2015855934  |4 edt 
700 1 |a Andráš, Peter,  |d 1953-  |7 mzk2008486778  |4 edt 
710 2 |a Vysoká škola báňská - Technická univerzita Ostrava.  |b Institut environmentálního inženýrství  |7 kn20010709140 
910 2 |a BOA001  |b 4-1343.315 
990 |a BK 
995 |a 01 
991 |b 201504  |c NOV  |e n 
996 6 |b 2610624844  |c 4-1343.315  |l MZK  |r Sklad / do 1 hodiny  |n 2  |p p.v.  |w 001494316  |u 000010  |a 1  |e BOA001  |j MZK50  |s P